ბათუმის შოთა რუსთაველის სახელმწიფო უნივერსიტეტის ბიბლიოთეკა

Армия императорского Рима. I-II вв. н.э. / (ბიბ.ჩანაწერი № 60879)

000 -LEADER
fixed length control field 00634nam a22001817a 4500
005 - DATE AND TIME OF LATEST TRANSACTION
control field 20231114101358.0
008 - FIXED-LENGTH DATA ELEMENTS--GENERAL INFORMATION
fixed length control field 231114s2000 ru ||||| |||| 00| 0 rus d
020 ## - INTERNATIONAL STANDARD BOOK NUMBER
International Standard Book Number 5271005925
041 ## - LANGUAGE CODE
Language code of text/sound track or separate title rus
080 ## - UNIVERSAL DECIMAL CLASSIFICATION NUMBER
Universal Decimal Classification number 94(37)Г-60
100 ## - MAIN ENTRY--PERSONAL NAME
Personal name Голыженков И.
9 (RLIN) 20367
245 ## - TITLE STATEMENT
Title Армия императорского Рима. I-II вв. н.э. /
Statement of responsibility, etc. И. Голыженков.
264 ## - PRODUCTION, PUBLICATION, DISTRIBUTION, MANUFACTURE, AND COPYRIGHT NOTICE
Place of production, publication, distribution, manufacture Москва :
Name of producer, publisher, distributor, manufacturer АСТ, Астрель,
Date of production, publication, distribution, manufacture, or copyright notice 2000.
300 ## - PHYSICAL DESCRIPTION
Extent 48 стр. :
Other physical details ил.;
Dimensions 27 см.
653 ## - INDEX TERM--UNCONTROLLED
keyword იმპერიული რომის არმია
653 ## - INDEX TERM--UNCONTROLLED
keyword ისტორია
942 ## - ADDED ENTRY ELEMENTS (KOHA)
Source of classification or shelving scheme
Koha item type წიგნი
ეგზემპლარები
Withdrawn status Lost status Source of classification or shelving scheme Damaged status Not for loan Permanent Location Current Location Shelving location Date acquired Cost, normal purchase price Full call number Barcode Date last seen Copy number Uniform Resource Identifier Price effective from Koha item type Public note
          ბათუმის შოთა რუსთაველის სახელმწიფო უნივერსიტეტის მთავარი ბიბლიოთეკა ბათუმის შოთა რუსთაველის სახელმწიფო უნივერსიტეტის მთავარი ბიბლიოთეკა წიგნსაცავი 2023-11-14 8.00 94(37)Г-60 65441 2023-11-14 65441 ბსუ-ს საპატიო დოქტორის გურამ ლორთქიფანიძის საჩუქარი 2023-11-14 წიგნი 8 ლ.